Nursing ethics / (Record no. 44141)

MARC details
001 - CONTROL NUMBER
control field 18380744
003 - CONTROL NUMBER IDENTIFIER
control field 0000
005 - DATE AND TIME OF LATEST TRANSACTION
control field 20260316113437.0
008 - FIXED-LENGTH DATA ELEMENTS--GENERAL INFORMATION
fixed length control field 141113s2015 caua f 000 0 eng d
010 ## - LIBRARY OF CONGRESS CONTROL NUMBER
LC control number 2014956906
020 ## - INTERNATIONAL STANDARD BOOK NUMBER
International Standard Book Number 9780190063559
035 ## - SYSTEM CONTROL NUMBER
System control number 18380744
035 ## - SYSTEM CONTROL NUMBER
System control number (OCoLC)900795882
040 ## - CATALOGING SOURCE
Original cataloging agency BTCTA
Language of cataloging eng
Transcribing agency BTCTA
Description conventions rda
Modifying agency YDXCP
-- BDX
-- LTSCA
-- OCLCF
-- IG$
-- DLC
042 ## - AUTHENTICATION CODE
Authentication code lccopycat
050 00 - LIBRARY OF CONGRESS CALL NUMBER
Classification number RT 85 .N87
082 04 - DEWEY DECIMAL CLASSIFICATION NUMBER
Classification number 174.29073
Edition number 23
100 ## - MAIN ENTRY--PERSONAL NAME
Personal name Edited by Deem Michael J.
245 00 - TITLE STATEMENT
Title Nursing ethics /
Statement of responsibility, etc edited by Michael J. Deem and Jennifer H. Lingler
Remainder of title Normative foundations, advanced concepts and emerging issues
264 #1 - PUBLICATION, DISTRIBUTION, ETC. (IMPRINT)
Place of publication, distribution, etc New York
Name of publisher, distributor, etc Oxford University Press
Date of publication, distribution, etc 2024
300 ## - PHYSICAL DESCRIPTION
Extent xv, 384p. ill.
336 ## - CONTENT TYPE
Content type term text
Content type code txt
Source rdacontent
337 ## - MEDIA TYPE
Media type term unmediated
Media type code n
Source rdamedia
338 ## - CARRIER TYPE
Carrier type term volume
Carrier type code nc
Source rdacarrier
500 ## - GENERAL NOTE
General note Includes index
650 #0 - SUBJECT ADDED ENTRY--TOPICAL TERM
Topical term or geographic name as entry element Nursing ethics.
650 #7 - SUBJECT ADDED ENTRY--TOPICAL TERM
Topical term or geographic name as entry element Nursing ethics.
Source of heading or term fast
Authority record control number (OCoLC)fst01041889
906 ## - LOCAL DATA ELEMENT F, LDF (RLIN)
a 7
b cbc
c copycat
d 2
e ncip
f 20
g y-gencatlg
942 ## - ADDED ENTRY ELEMENTS (KOHA)
Source of classification or shelving scheme Library of Congress Classification
Koha item type Books
Holdings
Withdrawn status Lost status Source of classification or shelving scheme Damaged status Not for loan Permanent Location Current Location Date acquired Total Checkouts Full call number Barcode Date last seen Price effective from Koha item type
    Library of Congress Classification     NILE UNIVERSITY OF NIGERIA - MAIN LIBRARY NILE UNIVERSITY OF NIGERIA - MAIN LIBRARY 03/16/2026   RT 85 .N87 2024 0199513 03/16/2026 03/16/2026 Books